Impoundment Control Act of 1974--release of withheld amounts due to withdrawal of rescission proposals : communication from the General Counsel, the U.S. Government Accountability Office transmitting Impoundment Control Act of 1974--release of withheld amounts due to withdrawal of rescission proposals.

Bibliographic Details
Corporate Author: United States. Government Accountability Office. Office of the General Counsel (Author)
Format: Government Document eBook
Language:English
Published: Washington : U.S. Government Publishing Office, 2021.
Series:House document (United States. Congress. House) ; 117-24.
Subjects:
Online Access:https://purl.fdlp.gov/GPO/gpo153382

MARC

Tag First Indicator Second Indicator Subfields
LEADER 00000cam a2200000 i 4500
001 in00004404607
005 20211120111836.0
006 m o d f
007 cr |||||||||||
008 210324s2021 dcu ob f000 0 eng c
035 |a (OCoLC)on1243062945 
042 |a pcc 
043 |a n-us--- 
040 |a GPO  |b eng  |e rda  |e pn  |c GPO  |d MvI 
049 |a WWW 
074 |a 0996-F (online) 
086 0 |a Y 1.1/7:117-24 
110 1 |a United States.  |b Government Accountability Office.  |b Office of the General Counsel,  |e author. 
245 1 0 |a Impoundment Control Act of 1974--release of withheld amounts due to withdrawal of rescission proposals :  |b communication from the General Counsel, the U.S. Government Accountability Office transmitting Impoundment Control Act of 1974--release of withheld amounts due to withdrawal of rescission proposals. 
264 1 |a Washington :  |b U.S. Government Publishing Office,  |c 2021. 
300 |a 1 online resource (2 pages). 
336 |a text  |b txt  |2 rdacontent 
337 |a computer  |b c  |2 rdamedia 
338 |a online resource  |b cr  |2 rdacarrier 
490 1 |a House document / 117th Congress, 1st session ;  |v 117-24 
500 |a "Referred to the Committee on Appropriations." 
500 |a "March 19, 2021." 
504 |a Includes bibliographical references. 
588 |a Description based on online resource; title from PDF title page (govinfo, viewed March 24, 2021). 
650 0 |a Executive impoundment of appropriated funds  |z United States. 
655 7 |a Legislative materials.  |2 lcgft 
710 1 |a United States.  |b Congress.  |b House.  |b Committee on Appropriations,  |e issuing body. 
830 0 |a House document (United States. Congress. House) ;  |v 117-24. 
856 4 0 |u https://purl.fdlp.gov/GPO/gpo153382  |t 0 
999 f f |s 343c5fa2-5be9-3d45-83fe-59c46401e770  |i 6d773446-5395-31cc-9d68-772d80bd6740  |t 0 
952 f f |a Texas A&M University  |b College Station  |c Electronic Resources  |d Available Online  |t 0  |e Y 1.1/7:117-24  |h Superintendent of Documents classification 
998 f f |a Y 1.1/7:117-24  |t 0  |l Available Online